000 01233nam a22002657a 4500
005 2010091802302.0
008 100915t xxu||||| |||| 00| 0 hin d
010 _aHIN-90531
020 _c350.00
_a9788188741236
035 _aHN-62877
037 _bDBAD / PUB
040 _aDPL
_bHN
082 _a921
100 _920178
_aशर्मा, अनिता
245 _aडॉ. प्रभाकर शास्त्रीः व्यक्तित्व एवं कृत्तिव /
_cअनिता शर्मा
260 _aजयपुर
_bराष्ट्रीय संस्कृत साहित्य केन्द्र
_c2008
270 _a222, सरस्वती सदन, बिहारी जी की गली, सौखियों का रास्ता, किशनपोल बाजार
_bजयपुर
_e302001
300 _a224पृ.
_c22सेमी (सजिल्द)
650 _91159
700 _920179
700 _920333
700 _920540
942 _2ddc
_cHN
_mशर्माअ
999 _c47390
_d47390